| 000 | 00603nam a22002177a 4500 | ||
|---|---|---|---|
| 999 |
_c216380 _d216380 |
||
| 005 | 20260302105046.0 | ||
| 008 | 260302b ||||| |||| 00| 0 eng d | ||
| 020 | _a9787119045313 | ||
| 040 |
_aLC _cUNZA _dRDA _eRDA |
||
| 050 |
_aDS 721.C35 CHU 2008 _bC.1 |
||
| 100 | _aChunling, Yan | ||
| 245 |
_aChinese Red/ _cYan Chunling |
||
| 260 |
_aBeinjing: _bForeing Languages Press, _c2008 |
||
| 300 |
_a97 pages: _bill. |
||
| 336 | _aText | ||
| 337 | _aUnmediated | ||
| 338 | _aEdition | ||
| 650 |
_aManners and Customes _zChina |
||
| 650 |
_aRed -- _xSocial life and customs -- _zChina |
||
| 942 | _cBOOK | ||